[Event "Ouagadougou zt 4.4"]
[Site "Ouagadougou"]
[Date "2018.12.19"]
[Round "9"]
[White "Omosebi, Adebowale"]
[Black "Adzua, Geoffrey"]
[Result "0-1"]
[WhiteElo "1972"]
[BlackElo "1921"]
[PlyCount "54"]
[EventDate "2018.12.13"]
[EventType "swiss"]
[EventRounds "9"]
[EventCountry "BUR"]
[SourceTitle "CBM 187 Extra"]
[Source "ChessBase"]
[SourceDate "2018.11.04"]
[SourceVersion "1"]
[SourceVersionDate "2018.11.04"]
[SourceQuality "1"]

1. e4 e5 2. Nf3 Nc6 3. Bb5 a6 4. Ba4 Nf6 5. d3 d6 6. c3 Be7 7. h3 0-0 8. 0-0 h6 9. Re1 Nh7 10. Nbd2 Kh8 11. d4 exd4 12. cxd4 f5 13. e5 b5 14. Bb3 Na5 15. Bc2 Nc6 16. Qe2 dxe5 17. dxe5 Be6 18. b3 Nd4 19. Nxd4 Qxd4 20. Rb1 Ng5 21. Bb2 Qf4 22. Nf1 Bc5 23. Bc1 Qh4 24. Nh2 Nxh3+ 25. gxh3 Qg3+ 26. Kh1 Bxf2 27. Bd2 Bd5+ 0-1

[Event "Ouagadougou zt 4.4"]
[Site "Ouagadougou"]
[Date "2018.12.14"]
[Round "2"]
[White "Omosebi, Adebowale"]
[Black "Ajavon, Ayayi Jean Le Clair"]
[Result "1-0"]
[WhiteElo "1972"]
[BlackElo "1528"]
[PlyCount "141"]
[EventDate "2018.12.13"]
[EventType "swiss"]
[EventRounds "9"]
[EventCountry "BUR"]
[SourceTitle "CBM 187 Extra"]
[Source "ChessBase"]
[SourceDate "2018.11.04"]
[SourceVersion "1"]
[SourceVersionDate "2018.11.04"]
[SourceQuality "1"]

1. d4 e6 2. Nf3 Nf6 3. g3 Be7 4. Bg2 d5 5. 0-0 0-0 6. c4 c6 7. Nc3 Nbd7 8. cxd5 exd5 9. Qc2 Re8 10. Rd1 Bd6 11. Bg5 h6 12. Bxf6 Nxf6 13. a3 Bg4 14. h3 Bh5 15. Nh4 Nh7 16. Re1 Nf8 17. e4 dxe4 18. Nxe4 Bg6 19. Nxg6 Nxg6 20. Qb3 b6 21. Red1 Rc8 22. Qa4 Bb8 23. Rac1 b5 24. Qb3 Ne7 25. Qf3 Nd5 26. Nc3 Nxc3 27. Rxc3 Re6 28. Qf5 Rf6 29. Qc2 Qb6 30. Rc5 Bd6 31. Rf5 Rxf5 32. Qxf5 Qd8 33. Rc1 Rc7 34. Bxc6 a6 35. Rc3 b4 36. axb4 Bxb4 37. Rc4 a5 38. Bd5 Qe7 39. Be4 g6 40. Rxc7 Qxc7 41. Qd5 Kg7 42. Kg2 Qd6 43. Qc4 Qe7 44. Bc2 Qb7+ 45. d5 Qb6 46. h4 h5 47. Qc6 Qc5 48. Be4 Qd4 49. Qc2 Bc5 50. Bf3 Bb4 51. b3 Qc5 52. Qc4 Qxc4 53. bxc4 a4 54. Bd1 a3 55. Bb3 Kf6 56. f4 Ke7 57. Kf3 f6 58. f5 g5 59. g4 hxg4+ 60. Kxg4 gxh4 61. Kxh4 Kd6 62. Kh5 Ke5 63. Kg6 Bc5 64. Ba2 Bd4 65. Bb1 Kd6 66. Kf7 Ke5 67. Ke7 Bc5+ 68. Kd7 Kd4 69. Kc6 Kxc4 70. Ba2+ Kd4 71. d6 1-0